Quizzes
Events
Quiz Creation
Community
Videos
Private Events
Remove Ads
Sign In
Join for FREE
Feedback
Dark Mode
Quiz Categories
Sports
Geography
Music
Movies
Television
Just For Fun
Miscellaneous
History
Literature
Language
Science
Gaming
Entertainment
Religion
Holiday
For Kids
Quiz Lab
Recent
Popular Today
Quiz Kudos Today
Editor Picks
Curator Picks
Quizzes by...
Day
Popularity
Type
Ratings
Length
Year
Community
Subscriptions
Recent Discussions
Orange Saloon
Badges
Playlists
Quests
Create
Leaderboards
Showdown
Live 5
Trivia Bingo
Activity
Puzzle Library
Sporcle Events
Private Events
Virtual Trivia
Globe League
Become a Host
Pub Owners
SporcleCon
Opinionation
Our Games
Videos
Blog
Mobile Apps
Partnerships
Remove Ads and Go Orange
Feedback
Sports
Athletes
MLB
NBA
NHL
NFL
Soccer
Sports Teams
WWE
NCAA
Football
Premier League
Basketball
Baseball
Hockey
Golf
Tennis
Cricket
Rugby
Auto Racing
Olympics
World Cup
Sports
Athletes
MLB
NBA
NHL
NFL
Soccer
Sports Teams
WWE
NCAA
Football
Premier League
Basketball
Baseball
Hockey
Golf
Tennis
Cricket
Rugby
Auto Racing
Olympics
World Cup
Random Quiz
Search Sporcle
×
Quiz Lab
Quiz Lab
Sports
MLB
Type in answers that appear in a list
Type in answers that appear in a list
Classic
Best Score? Go Orange.
Most MLB MVP 1st Place Votes (2001-2010) Stats
Can you name the players who have recieved the most cumulative MVP 1st place votes since 2001?
By
sweett310
10m
40 Questions
449 Plays
449 Plays
449 Plays
Comments
Comments
Give Quiz Kudos
Give Quiz Kudos
-
- Ratings
hide this ad
Replay
Link that replays current quiz
Next Quiz
Link to next quiz in quiz playlist
You Got
0%
They Got
Avg Score
65%
Avg Friend Score
Upgrade to see
Score Distribution
Jump to the score distribution portion of the page
Score
0/40
Timer
10:00
0
Plays Today
1st Place Votes
Player
% Correct
85
Albert Pujols
98.7%
114
Barry Bonds
98.4%
53
Alex Rodriguez
96.4%
1
Francisco Rodriguez
96.4%
12
Derek Jeter
91.8%
2
Manny Ramirez
90%
32
Ryan Howard
87.3%
16
David Ortiz
87.3%
29
Joe Mauer
83.1%
22
Josh Hamilton
82.9%
16
Jimmy Rollins
81.7%
22
Justin Morneau
80.2%
31
Joey Votto
79.5%
13
Andruw Jones
79.1%
16
Dustin Pedroia
78.4%
9
Jason Giambi
77.5%
11
Ichiro Suzuki
76.4%
1
Derrek Lee
76.4%
6
Miguel Cabrera
76.2%
2
Sammy Sosa
75.7%
1st Place Votes
Player
% Correct
22
Miguel Tejada
73.9%
22
Vladimir Guerrero
73.1%
5
Prince Fielder
68.8%
11
Matt Holliday
62.1%
6
Adrian Beltre
61.9%
5
Carlos Delgado
59.5%
2
Alfonso Soriano
57.5%
6
Gary Sheffield
57%
2
Magglio Ordonez
56.1%
1
Scott Rolen
46.5%
2
Kevin Youkilis
45.7%
1
Johan Santana
42.1%
1
Vernon Wells
41.9%
5
Jorge Posada
41%
1
Nomar Garciaparra
39%
1
Jose Bautista
36.3%
7
Bret Boone
33.2%
2
Roberto Alomar
19.2%
3
Shannon Stewart
9.4%
2
Brad Lidge
6.5%
Quiz Playlist
Details
Report
Send in Message
Add To Playlist
Classic:
Type in answers that appear in a list
Quiz Source
Last Updated: Feb 16, 2017
Quiz Scoreboard
CHALLENGE
Sign Up to Join the Scoreboard
Show All
Scores
Hide
Comments
May contain spoilers
Recently Published
Decade Duel: World Leaders
by jenniferyan
History
4m
Alphabetical 'K' Countries by Flag Minefield
by ylime102
Geography
3m
Pick 6: Fruits
by JohnFran
Miscellaneous
15s
More to Explore
Quiz From the Vault
Featured Blog Post
15 Basketball Trivia Facts You Can Be March Mad About
hide this ad
You Might Also Like...
Tags
Baseball Quiz
MLB Quiz
MLB MVP
MVP
MVP Voting
Voting
Today's Top Quizzes in Sports
Browse Sports
hide this ad
Today's Top Quizzes in MLB
Browse MLB
Top Contributed Quizzes in Sports
1
Les joueurs à 100 buts en Ligue 1 Uber Eats
2
Pick 6: NFL Teams
3
2022 World Cup Stars
4
MLB 2 truths and a lie: Hall of Fame pitchers
5
Pick 6: Minor League Baseball
6
Millionaire: NBA Finals Edition
7
Click the 1998 NBA Draft
8
Criteria MLB: Left Handed Sluggers
9
Pick 6: Olympics
10
Pick 6: NFL WRs
Explore More
Trending Topics
NBA
Crossword
Harry Potter
Kpop
Anime
Marvel
Disney
Puzzle
Pokémon
Song
Soccer
NFL
WWE
Country
The Office
hide this ad
More By:
sweett310
Quiz
Plays
Rating
Category
Featured
Created
'A' Movies by Picture
442,102
4.28
Movies
May 29, 2011
'B' Movies by Picture
310,444
3.96
Movies
May 29, 2011
'C' Movies by Picture
277,992
4.33
Movies
May 30, 2011
'D' Movies by Picture
262,924
4.26
Movies
May 30, 2011
'H' Movies by Picture
205,726
4.41
Movies
Jun 1, 2011
Go to Creator's Profile
Score Distribution
Quiz Creator Spotlight
sweett310
Follow
Send a Message
Quizzes Created
-
Created Quiz Play Count
-
More By This Creator
Popular Quizzes Today
1
Countries of Asia Without Outlines Minefield
2
Find the US States - No Outlines Minefield
3
Pick 6: Fruits
4
The Countries of the World
5
Alphabetical 'K' Countries by Flag Minefield
6
Find the Countries of Europe - No Outlines Minefield
7
US States
8
Find the US States
More Sports Quizzes
F1: who beat the constructors champion?
Curator's Pick
Trending Quizzes
Pick 6: Mountains
Pick 6: Harry Potter
Pick 6: Flags
Pick 6: NFL Teams
Pick 6: Movie Franchises
Recently Updated
Adaptations: Name the Title
pecheneg
NWSL Teams
pecheneg
Women's Final Four Teams by Year
bhenderson79
Presidents Quartet II
eogle
Anything But Clue(do)
eogle
Anything But Oceanian Capitals
eogle
Anything But 7
eogle
Anything But Thing
eogle
Word Ladder: February 29
pecheneg
Song Title Questions
pecheneg
Trending Topics
NBA
Harry Potter
Marvel
Kpop
Crossword
Anime
Disney
The Office
Soccer
Country
WWE
Song
Puzzle
Pokémon
NFL
Your Account Isn't Verified!
In order to create a playlist on Sporcle, you need to verify the email address you used during registration. Go to your
Sporcle Settings
to finish the process.
Report this User
Report this user for behavior that violates our
Community Guidelines
.
Details:
Send Report
Go to the Sporcle.com Mobile Site →
Comments